Australian Freshwater Birds - Statistics

General Stats
  • This quiz has been taken 20 times
  • The average score is 43 of 61
Answer Stats
Picture Answer % Correct
Black Swan
100%
Eurasian Coot
91%
Australasian Bittern
82%
Australasian Grebe
82%
Australian White Ibis
82%
Australian Wood Duck
82%
Black Necked Stork
82%
Brolga
82%
Cape Barren Goose
82%
Glossy Ibis
82%
Grey Teal
82%
Hardhead
82%
Hoary Headed Grebe
82%
Magpie Goose
82%
Pacific Black Duck
82%
Pied Heron
82%
Plumed Whistling Duck
82%
Radjah Shelduck
82%
Royal Spoonbill
82%
Straw Necked Ibis
82%
White Faced Heron
82%
White Necked Heron
82%
Australasian Shoveler
73%
Australian Shelduck
73%
Australian Spotted Crake
73%
Black Tailed Native Hen
73%
Blue Billed Duck
73%
Buff Banded Rail
73%
Chestnut Teal
73%
Cotton Pygmy Goose
73%
Dusky Moorhen
73%
Freckled Duck
73%
Garganey
73%
Great Crested Grebe
73%
Great Egret
73%
Green Pygmy Goose
73%
Lewin's Rail
73%
Musk Duck
73%
Nankeen Night Heron
73%
Pink Eared Duck
73%
Spotless Crake
73%
Wandering Whistling Duck
73%
Yellow Billed Spoonbill
73%
Black Bittern
64%
Intermediate Egret
64%
Little Egret
64%
Striated Heron
64%
Tasmanian Native Hen
64%
White Browed Crake
64%
Australasian Swamphen
55%
Australian Little Bittern
55%
Baillon's Crake
55%
Chestnut Rail
55%
Eastern Reef Egret
55%
Great Billed Heron
55%
Red Necked Crake
55%
Spotted Whistling Duck
55%
Pale Vented Bush Hen
45%
Sarus Crane
45%
Eastern Cattle Egret
36%
Lord Howe Woodhen
27%
No matching quizzes found
Score Distribution
Percent of People with Each Score
Percentile by Number Answered
Your Score History
You have not taken this quiz